000 01327cam a2200373 a 4500
001 31673
005 20230410105440.0
008 060926s2005 cl a b i000 0 spa d
010 _a 2006493895
035 _a(OCoLC)ocm61720448
040 _aBID
_cBID
_dDLC
_dBNCHL
_dDRFGD
020 _a9213227418
020 _a9789213227411
042 _alccopycat
050 1 4 _aHC 123
_bO12 2005
245 0 0 _aObjetivos de desarrollo del milenio :
_buna mirada desde América Latina y el Caribe.
260 _aSantiago de Chile :
_bNaciones Unidas,
_cc2005.
300 _axxiii, 333 p. :
_bil. ;
_c28 cm.
500 _a"LC/G.2331- P"--T.p. verso.
504 _aIncluye referencias bibliográficas (p. 323-332).
651 0 _aLatin America
_xSocial conditions.
651 0 _aLatin America
_xEconomic conditions.
651 0 _aCaribbean Area
_xSocial conditions.
651 0 _aCaribbean Area
_xEconomic conditions.
650 0 _aEconomic development.
650 7 _aAmerica latina
_xCondiciones sociales.
_2renib
650 7 _aAmerica latina
_xCondiciones economicas.
_2renib
650 7 _aCaribe (region)
_xCondiciones sociales.
_2renib
650 7 _aCaribe (region)
_xCondiciones economicas.
_2renib
650 7 _aDesarrollo economico.
_2renib
710 2 _aUN Millennium Project.
942 _2lcc
_cbk
994 _aC0
_bDRFGD
999 _c36920
_d36920